1515 1446 1970 1823 1999 1885 1423 1166 1960 1014 1973 1793 1607 1682 1120 1259 1743 1473 1558 1153 1356 1872 1068 1593 1053 1830 1776 1625 1581 1823 1603 1338 1788 1058 1107 1903 1249 1244 1813 1347 1445 1892 1799 1604 1824 1082 1508 1773 1231 1642 1043 1803 1318 1611 1885 1998 1135 1550 1406 1314 1580 1657 1816 1383 1261 1386 1569 1597 1235 1017 1166 1449 1905 1235 1153 1542 1945 1822 1629 1808 1230 1193 1382 1686 1999 1738 1719 1466 1185 1935 1250 1072 1675 1957 1099 1192 1957 1127 1176 BCNSPRNW ULIB Ver.6.0+V

เปลี่ยนเป็นภาษาไทย

Change to English
 แสดงรายละเอียดบรรณานุกรม
  กลับหน้าหลัก

Brief Record : Get Marc (ISO 2709) : E-mail record : QR code < ปิดหน้าต่าง
LEADER : 00000nam 2200000uu 4500
001    13399128211
003     ULIB
008    220815s2020||||th 000 0 tha d
020    ^a9781284044799
060 04 ^aQV37^bP536
245 00 ^aPharmacology for nurses /^cEdited by Blaine Templar Smith
250    ^a2rd
260    ^aBurlington :^bJones & Bartlett Learning,^c2020
300    ^axx, 539 p. ;^c28 cm.
504    ^aIncludes bibliographical references and index
650  0 ^aPharmacology
650  0 ^aNursing
650  2 ^aDrug Therapy^xnursing
650  2 ^aPharmacological Phenomena^vNurses Instruction
650  2 ^aPharmacology^vNurses Instruction
700 1  ^aSmith, Blaine Templar,^eed.
945    ^p0^l0^i009315
999    ^aประนอม เกษจรัล
รายการนี้ยังไม่มีแท็ก
คุณยังไม่ได้ล็อกอิน คุณสามารถมีกิจกรรมร่วมกับเว็บไซต์ได้ แต่ต้องล็อกอินก่อน ::
  ล็อกอิน

รายการสื่อสารสนเทศ

ลำดับที่ ประเภท เลขเรียก/บาร์โค้ด สถานที่ สถานะ
1. วิทยาศาสตร์การแพทย์ และสุขภาพ
หนังสือสำรอง
สถานะ=หนังสือสำรอง
QV37 P536 ฉ.1 
  Barcode: 009315
ห้องสมุดวิทยาเขตสวรรค์ประชารักษ์
►หนังสือทั่วไป
บนชั้น

รายการใกล้เคียง
    หัวเรื่อง [Pharmacology]
    หัวเรื่อง [Nursing]

BibComment


ยังไม่เคยถูกคอมเมนท์

คอมเมนท์ทรัพยากรรายการนี้
  คอมเมนท์: Pharmacology for..


 Copyright 2026. Bcnsprnw @Library